LIBRARY & INFORMATION CENTRE, KCAET, TAVANUR

ONLINE PUBLIC ACCESS CATALOGUE (OPAC)

Handbook of Soil - Plant - Water - Fertilizer and Manure Analysis (Record no. 14656)

MARC details
000 -LEADER
fixed length control field 00401nam a22001457a 4500
003 - CONTROL NUMBER IDENTIFIER
control field OSt
008 - FIXED-LENGTH DATA ELEMENTS--GENERAL INFORMATION
fixed length control field 210913b ||||| |||| 00| 0 eng d
020 ## - INTERNATIONAL STANDARD BOOK NUMBER
ISBN 9789381450185
082 ## - DEWEY DECIMAL CLASSIFICATION NUMBER
Classification number 631.485
Item number DUR/HA
100 ## - MAIN ENTRY--AUTHOR NAME
Personal name Durai M.V.
245 ## - TITLE STATEMENT
Title Handbook of Soil - Plant - Water - Fertilizer and Manure Analysis
260 ## - PUBLICATION, DISTRIBUTION, ETC. (IMPRINT)
Place of publication New Delhi
Name of publisher New India Publishing Agency
Year of publication 2014
300 ## - PHYSICAL DESCRIPTION
Number of Pages 235
942 ## - ADDED ENTRY ELEMENTS (KOHA)
Koha item type Books
Holdings
Withdrawn status Lost status Damaged status Collection code Home library Current library Shelving location Date acquired Source of acquisition Cost, normal purchase price Full call number Accession Number Koha item type
        KAUAET KAUAET General Stacks 23/07/2016 Southern Book Star, Tvm 895.00 631.485 DUR/HA 24540 Books
      General Books KAUAET KAUAET NAHEP-CAAST Project 07/09/2021   1500.00 631.485 DUR/HA 25987 Books
free website counter